| 000 | 00838nam a2200205 a 4500 | ||
|---|---|---|---|
| 005 | 20240925064241.0 | ||
| 008 | 991125s1987 mx 000 0 spa u | ||
| 035 | _aUPN01000044678 | ||
| 049 | _aSEP | ||
| 050 | 4 |
_aL227 D666 _bB25 1987 pte.II |
|
| 245 | 0 | 0 |
_aPlan de actividades culturales de apoyo a la educación primaria : _b[etapa de capacitación contínua] en el proceso de enseñanza-aprendizaje / _cDirección General de Promoción Cultural |
| 260 |
_aMéxico : _bSEP, Dirección General de Promoción Cultural, _c1987 |
||
| 300 |
_a94 p. : _bil |
||
| 440 | 0 |
_aDirección General de Promoción Cultural. Publicación; _v1 |
|
| 650 | 4 |
_aMaestros _xFormación profesional _9804 |
|
| 650 | 4 |
_aNiño, Estudio del _9221 |
|
| 710 | 1 |
_aMéxico. _bDirección General de Promoción Cultural _928154 |
|
| 904 |
_aAC _b044680 |
||
| 905 | _aLibro | ||
| 999 |
_c44678 _d44678 |
||